| 000 | 00821cam a2200277 i 4500 | ||
|---|---|---|---|
| 001 | 274 | ||
| 003 | CO-MdFUSB | ||
| 005 | 20221001121922.0 | ||
| 008 | 221001t1994 sp ||||| |||| 00| 0 spa d | ||
| 020 | _a84-8169-004-X | ||
| 040 |
_bspa. _aCO-MdFUSB _cCO-MdFUSB _dCO-MdFUSBC _erda |
||
| 041 | _aspa | ||
| 082 | 0 | 4 |
_a296.14 _bP9449 v15 |
| 100 | 1 |
_aVegas Montaner, Luis _eautor |
|
| 245 | 1 | 0 |
_aGénesis Rabbah I (Génesis 1-11) : _bComentario midrásico al libro de Génesis _c/ Luis Vegas Montaner |
| 264 | 1 |
_aNavarra, España : _bVerbo Divino, _c[1994] |
|
| 264 | 4 | _c© 1994 | |
| 300 |
_a437 Páginas _c; |
||
| 336 |
_2rdacontent _atexto _btxt |
||
| 337 |
_2rdamedia _asin mediación _bn |
||
| 338 |
_2rdacarrier _avolumen _bnc |
||
| 653 | _aJudaísmo | ||
| 653 | _aGénesis | ||
| 942 | _cBK | ||
| 945 | _aEstudiante | ||
| 999 |
_c31811 _d31811 |
||